Normal view
MARC view
- السياسة الخارجية-الاستراتيجة العسكرية-الحرب الباردة-العلاقات الدولية-الولايات الامريكية-اوروبا
Entry Topical Term
001 - CONTROL NUMBER
- control field: 62952
003 - CONTROL NUMBER IDENTIFIER
- control field: JO-AjAnu
005 - DATE AND TIME OF LATEST TRANSACTION
- control field: 20230606084259.0
008 - FIXED-LENGTH DATA ELEMENTS
- fixed length control field: 230606|| aca||aabn | a|a d
040 ## - CATALOGING SOURCE
- Original cataloging agency: JO-AjAnu
- Transcribing agency: JO-AjAnu
150 ## - HEADING--TOPICAL TERM
- Topical term or geographic name entry element: السياسة الخارجية-الاستراتيجة العسكرية-الحرب الباردة-العلاقات الدولية-الولايات الامريكية-اوروبا
670 ## - SOURCE DATA FOUND
- Source citation: Work cat.: (JO-AjAnu)32098: حميد، علي حسين، م. مشارك نجلاء ثامر محمود, author 62951, الولايات المتحدة والقارة الاوروبية (1776-2020): أواصر التحالف ومتغيراته